000 00316nam a2200121Ia 4500
008 230303s9999 xx 000 0 und d
041 _aeng
082 _a621.3192 SAY
100 _aSAY (M.G.)
245 _aThe Performance and Design of Alternating Current Machines
260 _aNew Delhi
_bCBS Pub.
365 _cRS
999 _c176217
_d176217